טוען...

Methods for establishing a survillience system for cardiovascular diseases in India Industrial populations

מידע ביבליוגרפי
מחבר ראשי: Reddy, KS etal
פורמט: Printed Book
גישה מקוונת:http://10.26.1.76/ks/001495.pdf
LEADER 003650000a22000970004500
100 |a Reddy, KS etal 
245 |a Methods for establishing a survillience system for cardiovascular diseases in India Industrial populations 
856 |u http://10.26.1.76/ks/001495.pdf 
942 |c KS 
999 |c 70883  |d 70883 
952 |0 0  |1 0  |4 0  |7 0  |9 62847  |a MGUL  |b MGUL  |d 2015-08-01  |l 0  |r 2015-08-01  |w 2015-08-01  |y KS